Fr. Conceicao Rodrigues College of Engineering

Elementary differential equations (Record no. 19394)

MARC details
000 -LEADER
fixed length control field 00298nam a2200133Ia 4500
082 ## - DEWEY DECIMAL CLASSIFICATION NUMBER
Classification number 515.35
Item number KEL
100 ## - MAIN ENTRY--PERSONAL NAME
Personal name Kells/Lyman M
245 ## - TITLE STATEMENT
Title Elementary differential equations
260 ## - PUBLICATION, DISTRIBUTION, ETC.
Name of publisher, distributor, etc. McGraw Hill
Place of publication, distribution, etc. Auckland
Date of publication, distribution, etc. 1981
300 ## - PHYSICAL DESCRIPTION
Extent 430
546 ## - LANGUAGE NOTE
Language note ENGLISH
654 ## - SUBJECT ADDED ENTRY--FACETED TOPICAL TERMS
Focus term elementary
942 ## - ADDED ENTRY ELEMENTS (KOHA)
Koha item type BOOK
Holdings
Withdrawn status Lost status Damaged status Not for loan Collection Home library Current library Date acquired Cost, normal purchase price Total Checkouts Full call number Barcode Date last seen Cost, replacement price Price effective from Koha item type
        CRC Fr. Agnel's C.Rodrigues College of Engineering Fr. Agnel's C.Rodrigues College of Engineering 17/03/2023 95.20   515.35 KEL 1496 17/03/2023 95.20 17/03/2023 BOOK